000 01202nas a2200289 i 4500
001 1912
003 ES-MaACL
005 20250816062541.0
007 t|
008 950801d19431979sp | | 1 ||pa d
022 _a0034-8333
245 0 0 _aRevista de ideas estéticas /
_cConsejo Superior de Investigaciones Científicas, Instituto Diego Velázquez ; [dir. Juan de Contreras y López de Ayala, Marqués de Lozoya].
260 _aMadrid :
_bInstituto Diego Velazquez,
_c1943-1979 (
_fS. Aguirre, Imp)
300 _a8 v. ;
_c25 cm.
310 _aTrimestral
362 0 _aAño 1, n. 1 (en. 1943)-t. 37, n. 148 (oct., nov., dic.1979)
650 1 7 _aArte
_2embne
_910068
650 7 _aEstética
_2embne
_9142387
655 7 _2tgfbne
_9226866
_aRevistas
700 1 _aLozoya, Juan de Contreras y López de Ayala,
_cMarqués de,
_d1893-1978
_9129112
710 2 _aConsejo Superior de Investigaciones Científicas (España)
_93236
710 2 _aInstituto Diego Velázquez.
_95021
852 _aES-MaACL
_jK-59
_91951
_cADM
_zRevista muerta
_z Colocado en armario K-80: años 1951-1957
866 0 _o(1943)-1944,(1946-1947)1948(1949-1951),(1953-1954)1955(1956-1957)
942 _2udc
999 _c1912
_d1912